Music Quiz

Random Music or Clickable Quiz
Score 0/24 Timer 05:00
6 Plays Today
% Correct
Doggystyle (Snoop Dogg)
88.3%
Different Light (The Bangles)
87.5%
Dangerously in Love (Beyonce)
82.9%
Dookie (Green Day)
82%
Document (R.E.M.)
80.8%
Demon Days (Gorillaz)
76%
Doo-Wops & Hooligans (Bruno Mars)
74.5%
The Dutchess (Fergie)
72.5%
Dare (Human League)
71.2%
Diana (Diana Ross)
69.7%
The Dark Side of the Moon (Pink Floyd)
68.8%
Damn the Torpedoes (Tom Petty & the Heartbreakers)
68.4%
% Correct
Disraeli Gears (Cream)
67.2%
Destroyer (Kiss)
66.7%
Discovery (Daft Punk)
65.9%
Deja Vu (Crosby, Stills, Nash & Young)
64.9%
Don't Be Cruel (Bobby Brown)
63.9%
The Downward Spiral (Nine Inch Nails)
63.7%
Devil Without a Cause (Kid Rock)
58.5%
Dangerous Woman (Ariana Grande)
55.4%
Dirt (Alice in Chains)
52.8%
Disintegration (The Cure)
48.9%
Different Class (Pulp)
47.8%
Daydream Nation (Sonic Youth)
46.3%
Remove Ads.
Support Sporcle.
Get the best of Sporcle when you Go Orange. This ad-free experience offers more features, more stats, and more fun while also helping to support Sporcle. Thank you for becoming a member.

You're not logged in!

Compare scores with friends on all Sporcle quizzes.
OR
Log In

Show Comments

Extras

Top Quizzes Today


Score Distribution

Your Account Isn't Verified!

In order to create a playlist on Sporcle, you need to verify the email address you used during registration. Go to your Sporcle Settings to finish the process.

Report this User

Report this user for behavior that violates our Community Guidelines.

Details: